Statistics for Good Kid,m.A.A.d City Tracklist (Kendrick Lamar)

Click here to take the quiz!

General Stats

  • This quiz has been taken 60 times
  • The average score is 11 of 14

Answer Stats

HintAnswer% Correct
7Good Kid
94%
8m.A.A.d City
94%
5Money trees
85%
9Swimming pools (Drank)
-Extended Version
83%
2Bitch, Don't Kill My Vibe
79%
14Bitch, Don't Kill My Vibe
-International Remix/Explicit Version
79%
13Bitch, Don't Kill My Vibe
-Remix
79%
3Backseat Freestyle
77%
6Poetic Justice
75%
4The Art Of Peer Pressure
73%
10Sing About Me, I'm Dying Of Thirst
71%
12Compton
69%
1Sherane a.k.a Master Splinter's Daughter
69%
11Real
67%

Score Distribution

Percentile by Number Answered

Percent of People with Each Score

Your Score History

You have not taken this quiz